Dokumentacja bibliograficzna 1918-1944

Bibliographic Details
Main Author: Stradecki, Janusz (Author)
Format: Book
Language:Polish
PhysicalDescription:192 s. 25 cm
Published: Warszawa Wiedza Powszechna 1975
Series:Z Prac Institutu badań literackich PAN
Subjects:

MARC

LEADER 00000nam a2200000 a 4500
001 vtls001409708
003 SK-MaSNL
005 20260302001401.0
008 251113s1975 pl a r 0 pol
020 |c b.c. 
035 |a SNK000364396 
040 |a SNK  |b slo  |c SNK  |e AACR2 
044 |a PL 
080 |a 821.162.1(091)"1918/1944":015  |2 2. slo 
080 |a 015(438)"1918/1944"  |2 2. slo 
100 1 |a Stradecki, Janusz  |4 aut  |9 637234 
245 1 0 |a Dokumentacja bibliograficzna 1918-1944  |c Janusz Stradecki 
260 |a Warszawa  |b Wiedza Powszechna  |c 1975 
300 |a 192 s.  |c 25 cm 
490 1 |a Z Prac Institutu badań literackich PAN : Literatura polska 1918-1975. Bibliografia do tomów 1 i 2 
650 0 7 |a poľská literatúra  |2 SNK  |9 1201 
650 0 7 |a bibliografie národné poľské  |y 1918-1944  |2 SNK  |9 637235 
830 0 |a Z Prac Institutu badań literackich PAN  |9 526334 
958 |a OND 
999 |c 983639  |d 985569 
952 |t P60, <04>, [BOOK], {604}  |a SNK  |b SNK  |y VYP  |7 0  |p 17A0298212  |o snkIC 129395  |i snkD 505/2001  |0 0  |1 0  |4 0  |d 2001-04-26  |l 0  |r 2005-01-02 00:00:00  |w 2026-02-24